1190 1832 1034 1942 1560 1432 1096 1600 1553 1978 1750 1809 1177 1226 1711 1217 1231 1138 1564 1219 1306 1527 1301 1697 1780 1638 1655 1438 1049 1062 1900 1663 1329 1397 1882 1017 1266 1590 1671 1422 1960 1980 1506 1448 1082 1316 1791 1113 1780 1012 1125 1848 1575 1961 1724 1696 1442 1299 1093 1503 1258 1158 1798 1169 1782 1238 1212 1300 1523 1032 1642 1931 1403 1031 1977 1673 1355 1284 1102 1731 1634 1792 1054 1634 1351 1825 1393 1077 1985 1294 1645 1195 1798 1152 1932 1785 1851 1413 1667 BCNSPRNW ULIB Ver.6.0+V

เปลี่ยนเป็นภาษาไทย

Change to English
 แสดงรายละเอียดบรรณานุกรม
  กลับหน้าหลัก

Brief Record : Get Marc (ISO 2709) : E-mail record : QR code < ปิดหน้าต่าง
LEADER : 00000nam 2200000uu 4500
001    13399109658
003     ULIB
008    110407s2005||||th 000 0 tha d
020    158279636x
060  4 WB890^bT111O 2005
110 1  Trident Reference Publishing
245 00 Overcomming backche/^cTrident Reference Publishing
260    China:^bGrolier,^c2005
300    63 p.:^bcol.
650  7 backc
650  7 Natural Herb
650  7 Therapie
945    ^p0^l0^i023007
995    Tossapron
999 ^a ใช้งานได้ทุกระบบ
รายการนี้ยังไม่มีแท็ก
คุณยังไม่ได้ล็อกอิน คุณสามารถมีกิจกรรมร่วมกับเว็บไซต์ได้ แต่ต้องล็อกอินก่อน ::
  ล็อกอิน

รายการสื่อสารสนเทศ

ลำดับที่ ประเภท เลขเรียก/บาร์โค้ด สถานที่ สถานะ
- ไม่พบข้อมูล -

รายการใกล้เคียง
    หัวเรื่อง [Natural Herb]
    หัวเรื่อง [Therapie]

BibComment


ยังไม่เคยถูกคอมเมนท์

คอมเมนท์ทรัพยากรรายการนี้
  คอมเมนท์: Overcomming backc..


 Copyright 2026. Bcnsprnw @Library